=LDR 00000nam 2200000 4500 =001 INLIS000000000038058 =005 20130612143742 =008 ***********************************ind** =035 ##$$0010-061300000038058 =041 ##$$a ind =082 ##$$a 613.04 =100 ##$$a lestari, sri =245 ##$$a sejuta cara menjadi cantik, menarik dan sehat =260 ##$$a buku kita $b jakarta =300 ##$$a 172 hlm =850 ##$$a NBPNMAT